Educación linguistica integral : programa de apoyo para el desarrollo de competencias linguisticas :
Guardado en:
| Autor Principal: | |
|---|---|
| Otros Autores: | |
| Formato: | Libro |
| Publicado: |
Córdoba :
Comunicarte,
2003
|
| Materias: | |
| Etiquetas: |
Agregar Etiqueta
Sin Etiquetas, Sea el primero en etiquetar este registro!
|
| LEADER | 00840nam a22002175a 4500 | ||
|---|---|---|---|
| 001 | CEM.cems013532 | ||
| 005 | 20110426112338.0 | ||
| 008 | 130507s2003##################000#0#####d | ||
| 003 | CEMS | ||
| 020 | |a 9879280938 | ||
| 082 | 0 | 4 | |a 372.6 |
| 100 | 1 | |a Viramonte de Avalos, Magdalena | |
| 245 | 1 | 0 | |a Educación linguistica integral : |b programa de apoyo para el desarrollo de competencias linguisticas : |c Angela Di Tulio y Magdalena Viramonte de Avalos |
| 260 | |a Córdoba : |b Comunicarte, |c 2003 | ||
| 300 | |a 203 p. | ||
| 500 | |a Actividades diseñadas en complejidad creciente, para aplicar desde el primer hasta el tercer ciclo escolar | ||
| 653 | |a Educación | ||
| 653 | |a Educación linguistica | ||
| 653 | |a Ejercitación léxico gramatical | ||
| 700 | 1 | |a Di Tulio, Angela | |
| 859 | |a CEMS |b BIB. CEMS - 11 de abril |h 372.6 |i V815 |p 26154.11 |t Ej.1 |v 2 |3 2 | ||
